Teoretyczne i metodyczne podstawy badania wzrostu efektywnosci zmian poziomu technicznego produkcji
Salvato in:
| Natura: | Libro |
|---|---|
| Lingua: | polacco |
| Pubblicazione: |
Katowice
Akademia Ekonomiczna im. Karola Adamieckiego
1984
|
| Serie: | Prace naukowe
|
| Tags: |
Nessun Tag, puoi essere il primo ad aggiungerne!!
|
MARC
| LEADER | 00000nam a2200000 4500 | ||
|---|---|---|---|
| 001 | c114314 | ||
| 005 | 20250505115002.5 | ||
| 041 | 0 | |a pol | |
| 044 | |a PL | ||
| 245 | 1 | 0 | |a Teoretyczne i metodyczne podstawy badania wzrostu efektywnosci zmian poziomu technicznego produkcji |c Pod red. Longina Lesniewskogo i Sergeja Fedoroviča Pokropiwnego |
| 264 | 1 | |a Katowice |b Akademia Ekonomiczna im. Karola Adamieckiego |c 1984 | |
| 300 | |a 223 s. | ||
| 490 | 1 | |a Prace naukowe | |
| 830 | 0 | |a Prace naukowe | |